000 00780nam a22002417a 4500
005 20170124110009.0
010 _aA-944320
020 _c00.00
_a8186030603
035 _aA-944320
037 _bCen Lib/Ret
040 _aDPL
_bEN
082 _a370.1
_bSHA
100 _aSharma, Namrata
_917343
245 _aValue creators in education /
_cby Namrata Sharma
_bjapanese educator makiguchi & mahatma gandhi and relevance for india education /
250 _a2nd ed
260 _aNew Delhi
_bRegency Publications
_c1999
270 _bNew Delhi
_a20/36, Old Market West Patel Nagar
300 _a136p.;
_c21cm(Hb)
_bill.
500 _aIncludes index
650 _aEducation
_91169
650 _aEducation values
_917344
942 _2ddc
_cEN
_h370.1
_mSHA
999 _c126364
_d126364